VI. Antalya sempozyumu (Record no. 6231)
[ view plain ]
| 000 -BAŞLIK | |
|---|---|
| Sabit Uzunlukta Kontrol Alanı | 00798na a2200241 4500 |
| 001 - KONTROL NUMARASI | |
| Denetim Alanı | 19362 |
| 003 - KONTROL NUMARASI IDENTIFIER | |
| Denetim Alanı | MIRAKIL |
| 005 - SON İŞLEM TARİHİ VE ZAMANI | |
| Denetim Alanı | 20181213155100.0 |
| 008 - SABİT-BOY VERİ ELEMANLARI - GENEL BİLGİLER | |
| Sabit Uzunlukta Kontrol Alanı | 161214b tu 000 0 |
| 040 ## - KATALOGLAMA KAYNAK | |
| Orijinal Kataloglama Ajansı | Milas |
| Kataloglama Dili | tur |
| Metne Dönüştürmek Ajansı | TR-AnCHP |
| 041 ## - DİL KODU | |
| Metin / Ses Parça Veya Ayrı Başlığın Dil Kodu | tur |
| 082 ## - DEWEY ONLU SINIFLANDIRMA NUMARASI | |
| Sınıflandırma Numarası | 372.2107 |
| Ürün Numarası | A57 2007 |
| 090 ## - SINIFLAMA NUMARASI | |
| Sınıflama Numarası | 372.2107 A57 2007 |
| 111 ## - ANA GİRİŞ - TOPLANTI ADI | |
| Giriş Elemanı Olarak Toplantı Adı Veya Yargı Alanı Adı | Antalya Sempozyumu |
| Toplantının Yeri | Antalya |
| Toplantı Veya Antlaşma İmzalandığı Tarihi | 2007 |
| Bölüm / Bölüm / Toplantı Sayısı | VI |
| 245 ## - BAŞLIK TABLOSU | |
| Başlık | VI. Antalya sempozyumu |
| Başlığın Kalan | okul öncesi eğitimi & öğretmen eğitimi |
| Sorumluluk Tablosu, Vb | Türkiye Özel Okullar Birliği |
| 246 ## - UNVAN FORM VARYING | |
| Başlık Doğru / Kısa Başlığı | okul öncesi eğitimi & öğretmen eğitimi |
| 260 ## - YAYIN, DAĞITIM, VB | |
| Yayın, Dağıtım, Vb Yeri | İstanbul |
| Yayıncı, Dağıtıcı, Vs Adı | Türkiye Özel Okullar Birliği |
| Yayın, Dağıtım, Vb Tarihi | 2007 |
| 300 ## - FİZİKSEL TANIM | |
| Kapsam | 322 s. |
| Diğer Fiziksel Ayrıntıları | fotg. |
| Boyutlar | 24 sm. |
| 650 ## - KONU KATMA GİRİŞ - TOPİKAL DÖNEM | |
| Topikal Süreli Veya Coğrafi Ad Giriş Elemanı | Eğitim ve öğretim |
| Coğrafi Alt Bölümü | Türkiye |
| 650 ## - KONU KATMA GİRİŞ - TOPİKAL DÖNEM | |
| Topikal Süreli Veya Coğrafi Ad Giriş Elemanı | Öğretmen eğitimi |
| Coğrafi Alt Bölümü | Türkiye |
| 650 ## - KONU KATMA GİRİŞ - TOPİKAL DÖNEM | |
| Topikal Süreli Veya Coğrafi Ad Giriş Elemanı | Okul öncesi eğitim |
| Coğrafi Alt Bölümü | Türkiye |
| 942 ## - EKLENDİ GİRİŞ ELEMANLARI (KOHA) | |
| Sınıflandırma Veya Raf Düzeni Kaynak | Dewey Decimal Classification |
| Koha Öğesi Türü | Books |
| 999 ## - SİSTEM KONTROL NUMARALARI (KOHA) | |
| Koha Biblionumber | 6231 |
| Koha Biblioitemnumber | 6231 |
| Kalıcı Konum | Mevcut Konum | Edinme Tarihi | Edinim Kaynak | Toplam Check-Out'Lar | Tam Çağrı Numarası | Barkod | Tarih Son Görülme | İtibaren Geçerli Fiyatlar | Koha Öğesi Türü | Kopya Sayısı |
|---|---|---|---|---|---|---|---|---|---|---|
| CHP Kütüphanesi | CHP Kütüphanesi | 12/14/2016 | Bağış | 372.2107 A57 2007 | 010674 | 12/14/2016 | 12/14/2016 | Books | ||
| CHP Kütüphanesi | CHP Kütüphanesi | 12/14/2016 | Bağış | 372.2107 A57 2007 | 010675 | 12/14/2016 | 12/14/2016 | Books | k.2 |
